Central Library OPAC University of Rajshahi

Seven fallen pillars : (Record no. 54549)

MARC details
000 -LEADER
fixed length control field 00744nam a2200241 a 4500
001 - CONTROL NUMBER
control field 54549
003 - CONTROL NUMBER IDENTIFIER
rucl marc code BD-RJUL
005 - DATE AND TIME OF LATEST TRANSACTION
control field 20211209080133.0
008 - FIXED-LENGTH DATA ELEMENTS--GENERAL INFORMATION
fixed length control field 161107s1953 xx 000 0 eng d
035 ## - SYSTEM CONTROL NUMBER
System control number BD-RJUL 54671
040 ## - CATALOGING SOURCE
Original cataloging agency TYC
Transcribing agency TYC
Modifying agency EQO
Language of cataloging eng
041 ## - LANGUAGE CODE
Language code of text/sound track or separate title eng
082 ## - DEWEY DECIMAL CLASSIFICATION NUMBER
Edition number 23
Classification number 956
Author mark and year KIS 1953
090 ## - LOCALLY ASSIGNED LC-TYPE CALL NUMBER (OCLC); LOCAL CALL NUMBER (OCLC)
Classification number (OCLC) (R) ; Classification number, CALL (RLIN) (NR) DS62
Local cutter number (OCLC) ; Book number/undivided call number, CALL (RLIN) .K5 1953
100 1# - MAIN ENTRY--PERSONAL NAME
Personal name Kimche, Jon.
9 (RLIN) 162720
245 10 - TITLE STATEMENT
Title Seven fallen pillars :
Remainder of title the Middle East, 1915-1952
Statement of responsibility, etc. Jon. Kimche
250 ## - EDITION STATEMENT
Edition statement [Rev. and enl. ed.]
260 ## - PUBLICATION, DISTRIBUTION, ETC. (IMPRINT)
Place of publication, distribution, etc. London :
Name of publisher, distributor, etc. Secker and Warburg,
Date of publication, distribution, etc. 1953
300 ## - PHYSICAL DESCRIPTION
Pagination xxv, 439 p. :
Illustrations ill. ;
Size 22 cm
500 ## - GENERAL NOTE
General note "Revised edition with additional material carrying the story to January 1953."
651 #0 - SUBJECT ADDED ENTRY--GEOGRAPHIC NAME
Geographic name Middle East
General subdivision History
9 (RLIN) 162721
942 ## - ADDED ENTRY ELEMENTS (KOHA)
Source of classification or shelving scheme Dewey Decimal Classification
Koha item type Books
Holdings
Lost status Source of classification or shelving scheme Damaged status Not for loan Collection code Permanent Location Current Location Shelving location Date acquired Source of acquisition Cost, normal purchase price Total Checkouts Full call number Date last seen Copy number Koha item type
  Dewey Decimal Classification     Non-fiction Central Library, University of Rajshahi Central Library, University of Rajshahi   15/11/1966 Dacca: nawroge kitabstan 16.75   956 KIS 1953 07/11/2016 C-2 Books
  Dewey Decimal Classification   Not For Loan Non-fiction Central Library, University of Rajshahi Central Library, University of Rajshahi Reading Room 08/12/1955 Unlimited 20.00   956 KIS 1953 24/02/2019 C-1 Books